| 000 | 01045nam a22001937a 4500 | ||
|---|---|---|---|
| 999 |
_c5943 _d5943 |
||
| 005 | 20251204083109.0 | ||
| 008 | 251204b ||||| |||| 00| 0 eng d | ||
| 020 | _a9781760654924 | ||
| 040 | _cKH8 | ||
| 082 | _a741.5 MIL | ||
| 100 |
_aMiller,Kayla _eAuthor |
||
| 245 | _aCAMP | ||
| 260 |
_aLocked Bag 22,Newton,NSW 2024 Australia _bWalker Books Australia Pty Ltd _c2022 |
||
| 300 |
_a207 pages _bColour illustration _c14 cm x 20 cm |
||
| 520 | _a"Olive and Willow are happy campers! Or are they? Olive is sure she'll have the best time at summer camp with her friend Willow - but while Olive makes quick friends with the other campers, Willow struggles to form connections and latches on to the only person she knows - Olive. It's s'more than Olive can handle! The stress of being Willow's living security blanket begins to wear on Olive and before long ... the girls aren't just fighting, they may not even be friends by the time camp is over. | ||
| 650 |
_2Juvenile Fiction _aJuvenile Fiction |
||
| 655 | _aFriendship | ||
| 942 |
_2ddc _cGN |
||